Harrison Ford Movies - Statistics

General Stats
  • This quiz has been taken 109 times
    33 since last reset
  • The average score is 20 of 65
Answer Stats
Year Movie % Correct
1989 Indiana Jones and the Last Crusade
100%
1984 Indiana Jones and the Temple of Doom
100%
1977 Star Wars: A New Hope
86%
1983 Star Wars: Return of the Jedi
81%
1980 Star Wars: The Empire Strikes Back
81%
2015 Star Wars: The Force Awakens
67%
1993 The Fugitive
67%
1997 Air Force One
62%
1979 Apocalypse Now
62%
1982 Blade Runner
62%
1981 Indiana Jones and the Raiders of the Lost Ark
62%
1973 American Graffiti
57%
2017 Blade Runner 2049
57%
2008 Indiana Jones and the Kingdom of the Crystal Skull
57%
1994 Clear and Present Danger
52%
2023 Indiana Jones and the Dial of Destiny
52%
2025 Captain America: Brave New World
48%
1992 Patriot Games
48%
1985 Witness
48%
2000 What Lies Beneath
43%
2019 Star Wars: The Rise of Skywalker
38%
1988 Working Girl
38%
2011 Cowboys and Aliens
33%
2013 Ender's Game
33%
1990 Presumed Innocent
33%
2020 The Call of the Wild
33%
2013 42
29%
2010 Morning Glory
29%
1991 Regarding Henry
29%
1995 Sabrina
29%
1998 Six Days Seven Nights
29%
1986 The Mosquito Coast
29%
2006 Firewall
24%
1988 Frantic
24%
2003 Hollywood Homicide
24%
1997 The Devil's Own
24%
2019 The Secret Life of Pets 2
24%
1980 More American Graffiti
19%
1999 Random Hearts
19%
2015 The Age of Adaline
19%
1974 The Conversation
19%
2014 The Expendables 3
19%
2010 Extraordinary Measures
14%
1978 Force 10 From Navarone
14%
1979 The Frisco Kid
14%
2013 Anchorman 2: The Legend Continues
10%
2009 Crossing Over
10%
1979 Hanover Street
10%
2002 K-19: The Widowmaker
10%
2009 Bruno
5%
1966 Dead Heat on a Merry-Go-Round
5%
2013 Paranoia
5%
1977 The Possessed
5%
1967 A Time For Killing
0%
1976 Dynasty
0%
1970 Getting Straight
0%
1977 Heroes
0%
1994 Jimmy Hollywood
0%
1968 Journey to Shiloh
0%
1975 Judgment: The Court Martial of Lieutenant William Calley
0%
1967 Luv
0%
1970 The Intruders
0%
1978 The Star Wars Holiday Special
0%
2004 Water to Wine
0%
1970 Zabriskie Point
0%
No matching quizzes found
Score Distribution
Percent of People with Each Score
Percentile by Number Answered
Your Score History
You have not taken this quiz since the last reset